Código del medio ambiente: normas de derecho ambiental sistematizadas, anotadas y actualizadas

Saved in:
Bibliografiske detaljer
Institution som forfatter: Chile
Andre forfattere: Bermúdez Soto, Jorge
Format: Bog
Sprog:spansk
Udgivet: Santiago, Chile: LesisNexis, 2007
Fag:
Tags: Tilføj Tag
Ingen Tags, Vær først til at tagge denne postø!

MARC

LEADER 00000nam a2200000 a 4500
001 UCI0869
003 CL-VaPUC
005 20250130145248.0
008 070601e20070000CL |||||||||||||||||spa|d
999 |c 325843  |d 325841 
020 |a 9789562386913 
040 |c Pontificia Universidad Católica de Valparaíso 
082 0 4 |a 344.83046 CHI 2007  |2 21 
110 1 |a Chile  |9 890760 
245 1 0 |a Código del medio ambiente: normas de derecho ambiental sistematizadas, anotadas y actualizadas 
260 |a Santiago, Chile:  |b LesisNexis,  |c 2007 
300 |a 792 páginas 
505 |a Normas actualizadas al 27 de marzo de 2007. -Prefacio -Libro I. Derecho Constitucional Ambiental. -Libro II. Derecho Administrativo Ambiental. -Libro III. Derecho Ambiental Especial: -Título I. Protección de la Diversidad Biológica, Áreas Protegidas y Seres Vivos. -Título II. Atmósfera. -Título III. Suelo. -Título IV. Aguas Terrestres. -Título V. Aguas Marinas. -Título VI. Reducción, Eliminación y Reciclaje de Residuos. -Título VII. Radiación y Reactores Nucleares. -Título VIII. Energías Renovables. -Título IX. Sustancias Peligrosas. -Título X. Biotecnología. -Título XI. Patrimonio Cultural. -Título XII. Actividades Económicas. -Libro IV. Derecho Civil. Código Civil. Libro Segundo. Título XIV (artículos pertinentes). -Libro V. Derecho Penal. Código Penal. Libro Segundo. Título VI (artículos pertinentes). 
583 |a last modification  |c 20140404 10:56:51  |k Rodrigo Vera 
650 0 |a Protección del medio ambiente  |9 257626 
650 0 |a Derecho ambiental   |9 257835 
650 0 |a Contaminación ambiental  |9 314181 
650 0 |a Protección de los recursos naturales  |9 466704 
650 0 |a Jurisprudencia ambiental  |9 896028 
700 |a Bermúdez Soto, Jorge  |9 896026 
942 |c BK  |2 ddc 
945 |d 20070601 00:00:00  |a jtorresc 
952 |0 0  |1 0  |4 0  |6 344_830460000000000_CHI_2007  |7 0  |8 R  |9 407279  |a BIBDER  |b BIBDER  |d 2019-11-22  |i 4345622  |o 344.83046 CHI 2007  |p 4345622  |r 2023-01-25  |w 2019-11-22  |y BK_R  |k DER 
952 |0 0  |1 0  |4 0  |6 344_830460000000000_CHI_2007  |7 0  |8 R  |9 407280  |a BIBDER  |b BIBDER  |d 2019-11-22  |i 4345630  |o 344.83046 CHI 2007  |p 4345630  |r 2023-01-25  |w 2019-11-22  |y BK_R  |k DER 
952 |0 0  |1 0  |4 0  |6 344_830460000000000_CHI_2007  |7 0  |8 R  |9 407281  |a BIBDER  |b BIBDER  |d 2019-11-22  |i 4387953  |o 344.83046 CHI 2007  |p 4387953  |r 2023-01-25  |w 2019-11-22  |y BK_R  |k DER 
952 |0 0  |1 0  |4 0  |6 344_830460000000000_CHI_2007  |7 0  |8 R  |9 407282  |a BIBDER  |b BIBDER  |d 2019-11-22  |i 4387961  |o 344.83046 CHI 2007  |p 4387961  |r 2023-01-25  |w 2019-11-22  |y BK_R  |k DER